[Event "AUTO-ADV-1221"]
[Site "http://www.queenalice.com/game.php?id=599800"]
[Date "2009.6.7"]
[Round "2"]
[White "Raimundo"]
[Black "vortex"]
[Result "1-0"]
[WhiteElo "1799"]
[BlackElo "1786"]

1. d4 d5 2. c4 c6 3. Bf4 Nf6 4. e3 e6 5. Nc3 Bb4 6. Qb3 Qa5 7. Ne2 O-O 8. c5 Ne4
9. Rc1 b6 10. cxb6 axb6 11. a3 Bxc3+ 12. Nxc3 Nd7 13. Bd3 c5 14. Bxe4 dxe4 15.
O-O f5 16. Qxe6+ Kh8 17. Bd6 Nf6 18. Qc4 Ba6 19. Qe6 Bxf1 20. Bxf8 Rxf8 21. Kxf1
Qa6+ 22. Kg1 cxd4 23. exd4 Qc8 24. Qxb6 Qb8 25. Qxb8 Rxb8 26. b4 Rc8 27. Kf1 Nd5
28. Ne2 Rxc1+ 29. Nxc1 Kg8 30. Ke2 Nf4+ 31. Kf1 Kf7 32. g3 Ng6 33. Ke2 Ke6 34.
a4 Kd5 35. a5 Ne7 36. Ke3 Nc6 37. Na2 Nxd4 38. a6 Nb5 39. Kf4 g6 40. Nc3+ Nxc3
41. a7 Kd4 42. a8=Q Ne2+ 43. Kg5 1-0

[Event "AUTO-INT-1222"]
[Site "http://www.queenalice.com/game.php?id=617380"]
[Date "2009.7.12"]
[Round "2"]
[White "ilardi"]
[Black "vortex"]
[Result "1-0"]
[WhiteElo "1705"]
[BlackElo "1861"]

1. d4 d5 2. Nf3 Nf6 3. c4 Bf5 4. Nc3 e6 5. cxd5 Nxd5 6. e4 Nxc3 7. bxc3 Bxe4 8.
Bd3 Bxd3 9. Qxd3 Nc6 10. O-O Be7 11. Bd2 O-O 12. Rfe1 f5 13. Rxe6 Bd6 14. Qc4
Kh8 15. Ng5 h6 16. Nf3 Qd7 17. Rae1 Rfe8 18. Qd5 Rxe6 19. Rxe6 Re8 20. Rxe8+
Qxe8 21. Qxf5 Qf8 22. Qb5 Qc8 23. Qh5 Qf8 24. Nh4 Be7 25. Ng6+ 1-0

[Event "AUTO-INT-1222"]
[Site "http://www.queenalice.com/game.php?id=617381"]
[Date "2009.7.12"]
[Round "2"]
[White "vortex"]
[Black "ilardi"]
[Result "0-1"]
[WhiteElo "1865"]
[BlackElo "1715"]

1. e4 c5 2. Nf3 Nc6 3. d4 cxd4 4. Nxd4 Nf6 5. Nc3 e5 6. Nxc6 bxc6 7. Bc4 Bc5 8.
Bg5 O-O 9. Qf3 Be7 10. O-O d6 11. a3 Bg4 12. Qe3 Bd7 13. Qg3 Rb8 14. b3 Qa5 15.
Bh6 Ng4 16. Bd2 Qb6 17. Na4 Qd8 18. f4 Bf6 19. h3 exf4 20. Bxf4 Bxa1 21. Rxa1
Ne5 22. Bxe5 dxe5 23. Rd1 Qe7 24. Kh2 Rbd8 25. Re1 Kh8 26. Rf1 f6 27. b4 Be6 28.
Bxe6 Qxe6 29. Nc5 Qc4 30. Qf2 Rd4 31. Qg3 Qxf1 32. Ne6 Rf7 33. Nxd4 Rd7 34. Qg4
Rd8 35. Nxc6 Rg8 36. Nxa7 Qa6 37. Qd7 Qxa3 38. b5 Ra8 39. b6 Qe3 40. Qb7 Qf4+
41. Kg1 Qe3+ 42. Kf1 Qf4+ 43. Ke2 Rd8 44. Qd5 Rxd5 45. exd5 Qe4+ 46. Kf1 Qxd5
47. Nc8 Qc6 48. c4 Qxc8 0-1

[Event "AUTO-INT-1222"]
[Site "http://www.queenalice.com/game.php?id=617384"]
[Date "2009.7.12"]
[Round "2"]
[White "DaniLoL"]
[Black "vortex"]
[Result "1-0"]
[WhiteElo "1589"]
[BlackElo "1843"]

1. e4 e5 2. Nf3 Nc6 3. Bb5 a6 4. Ba4 Nf6 5. Nc3 Bc5 6. O-O O-O 7. Re1 d6 8. h3
Bd7 9. Bb3 Qe7 10. a3 Na5 11. Ba2 Bc6 12. b4 Bb6 13. bxa5 Bxa5 14. d3 Bxc3 15.
Bd2 Bxa1 16. Qxa1 Ba4 17. c3 Bb5 18. d4 exd4 19. cxd4 Nxe4 20. Bd5 Bc6 21. Rxe4
Qd7 22. Bxc6 Qxc6 23. Rg4 g6 24. d5 Qd7 25. Rb4 c6 26. Bh6 Rfe8 27. Qg7# 1-0

[Event "AUTO-INT-1222"]
[Site "http://www.queenalice.com/game.php?id=617385"]
[Date "2009.7.12"]
[Round "2"]
[White "vortex"]
[Black "DaniLoL"]
[Result "0-1"]
[WhiteElo "1844"]
[BlackElo "1631"]

1. e4 c5 2. Nf3 Nc6 3. d4 cxd4 4. Nxd4 d6 5. Nc3 Nf6 6. Bc4 g6 7. O-O Bg7 8. Be3
O-O 9. Nce2 Ne5 10. Bb3 Qc7 11. Nb5 Qc6 12. Nxa7 Qa6 13. Nxc8 Raxc8 14. h3 Nxe4
15. Bd5 Nc5 16. Nc3 Na4 17. Nxa4 Qxa4 18. Bxb7 Rc7 19. Bd5 Qxc2 20. Qxc2 Rxc2
21. Rab1 Nd3 22. b3 Rxa2 23. b4 Rb8 24. b5 Ra5 25. b6 Rxd5 26. b7 Bb2 27. Rfd1
Rxb7 28. Bc1 Nxc1 29. Rxd5 Ne2+ 30. Kh2 Nc3 31. Rxb2 Rxb2 32. Rd3 Nb5 33. f3 e5
34. Rd1 Kg7 35. Rc1 Nd4 36. Kg3 Ne2+ 0-1

[Event "AUTO-INT-1222"]
[Site "http://www.queenalice.com/game.php?id=617388"]
[Date "2009.7.12"]
[Round "2"]
[White "vortex"]
[Black "dwrogers"]
[Result "1-0"]
[WhiteElo "1839"]
[BlackElo "1591"]

1. e4 e5 2. Nf3 Nc6 3. Bb5 a6 4. Ba4 d6 5. d4 Bd7 6. c3 exd4 7. Nxd4 Nf6 8. Bg5
Nxd4 9. Bxd7+ Qxd7 10. Qxd4 O-O-O 11. Bxf6 gxf6 12. Qxf6 Be7 13. Qd4 Rhg8 14.
O-O Qh3 15. g3 b6 16. Qd3 b5 17. Nd2 Rg4 18. Qf3 Rg7 19. Qg2 Qh5 20. e5 dxe5 21.
Qa8+ Kd7 22. Qxa6 Qe2 23. Nb3 Ke8 24. Qc6+ Kf8 25. Qxc7 Bh4 26. Rae1 Qxb2 27.
Rxe5 Ra8 28. Rfe1 Rg5 29. Qc5+ Kg8 30. Rxg5+ Bxg5 31. Qxg5+ Kf8 32. Qc5+ Kg8 33.
Qxb5 Qxa2 34. Re8+ Rxe8 35. Qxe8+ Kg7 36. Qe5+ Kf8 37. Qb8+ Kg7 38. c4 Qc2 39.
c5 Qd1+ 40. Kg2 Qd5+ 41. f3 h5 42. Qb6 Qd2+ 43. Nxd2 1-0

[Event "AUTO-INT-1222"]
[Site "http://www.queenalice.com/game.php?id=617389"]
[Date "2009.7.12"]
[Round "2"]
[White "dwrogers"]
[Black "vortex"]
[Result "0-1"]
[WhiteElo "1581"]
[BlackElo "1856"]

1. e4 e5 2. Nf3 Nc6 3. Nc3 Nf6 4. Nd5 Bc5 5. Bb5 a6 6. Bxc6 dxc6 7. h3 cxd5 8.
exd5 Nxd5 9. Nxe5 Qe7 10. d4 Bd6 11. O-O O-O 12. Qg4 Bxg4 13. Nxg4 Nf6 14. Bg5
h6 15. Rae1 Qd8 16. c4 hxg5 17. c5 Be7 18. Rd1 Nxg4 19. hxg4 Qd5 20. b4 Qxa2 21.
Rfe1 Rfe8 22. Ra1 Qc4 23. Re4 Qxb4 24. Rf1 Bf6 25. Rxe8+ Rxe8 0-1

[Event "AUTO-INT-1205"]
[Site "http://www.queenalice.com/game.php?id=617638"]
[Date "2009.7.12"]
[Round "2"]
[White "ricardosf"]
[Black "vortex"]
[Result "0-1"]
[WhiteElo "1307"]
[BlackElo "1838"]

1. Nc3 e5 2. Nf3 Nc6 3. Nd5 Bc5 4. c4 Nf6 5. Nxf6+ Qxf6 6. d3 d6 7. Bg5 Bb4+ 8.
Bd2 O-O 9. a3 Bxd2+ 10. Nxd2 Bd7 11. Ne4 Qe7 12. b4 Nd4 13. g3 f5 14. Nxd6 cxd6
15. c5 dxc5 16. bxc5 Qxc5 17. Rc1 Qxa3 18. e3 Qa5+ 19. Qd2 Qxd2+ 20. Kxd2 Nb3+
21. Kc2 Nxc1 22. Kxc1 Rac8+ 23. Kd2 Ba4 0-1

[Event "AUTO-INT-1205"]
[Site "http://www.queenalice.com/game.php?id=617639"]
[Date "2009.7.12"]
[Round "2"]
[White "vortex"]
[Black "ricardosf"]
[Result "1-0"]
[WhiteElo "1836"]
[BlackElo "1309"]

1. e4 e5 2. f4 exf4 3. Nf3 Bc5 4. d4 Bb4+ 5. c3 Ba5 6. Bxf4 Qe7 7. e5 Nc6 8. Bc4
d6 9. h3 dxe5 10. dxe5 Bf5 11. Nbd2 f6 12. Qe2 Bc2 13. exf6 Qxe2+ 14. Bxe2 gxf6
15. O-O Nge7 16. Bb5 Nf5 17. Rfe1+ Kf7 18. Nc4 Rae8 19. Nxa5 Rxe1+ 20. Rxe1 Nxa5
21. Bxc7 a6 22. Bxa5 Ng3 23. Bc4+ Kg6 24. Bd5 1-0

[Event "Challenge"]
[Site "http://www.queenalice.com/game.php?id=636574"]
[Date "2009.8.14"]
[Round "-"]
[White "paulofreitas"]
[Black "vortex"]
[Result "0-1"]
[WhiteElo "1576"]
[BlackElo "1826"]

1. e4 c5 2. Qf3 d6 3. c4 Nf6 4. b3 Nc6 5. Qd1 Nxe4 6. g3 e5 7. Bg2 f5 8. Bb2 Be7
9. d3 Nf6 10. a4 O-O 11. f4 exf4 12. gxf4 d5 13. Nf3 d4 14. Rg1 Qa5+ 15. Kf2
Ng4+ 16. Kg3 Ne3 17. Qe2 Re8 18. Ng5 Bxg5 19. fxg5 f4+ 20. Kxf4 Qc7+ 21. Kf3
Bg4+ 22. Kf2 Nd1+ 23. Qxd1 Bxd1 24. Rxd1 Qf4+ 25. Kg1 Re2 26. Nd2 Qf2+ 27. Kh1
Qxg2# 0-1

[Event "Challenge"]
[Site "http://www.queenalice.com/game.php?id=636575"]
[Date "2009.8.14"]
[Round "-"]
[White "vortex"]
[Black "paulofreitas"]
[Result "1-0"]
[WhiteElo "1832"]
[BlackElo "1544"]

1. e4 e5 2. d4 Nc6 3. d5 Nb4 4. a3 Na6 5. Nf3 d6 6. Nc3 b6 7. Bb5+ Ke7 8. Bc6
Bb7 9. Bxb7 Rb8 10. Bxa6 Qd7 11. Bb5 Qg4 12. O-O Nf6 13. h3 Qc8 14. Bg5 a6 15.
Bc4 b5 16. Be2 h6 17. Bxf6+ Kxf6 18. Nd2 c6 19. Bg4 Qd8 20. dxc6 Kg6 21. Nd5 Rc8
22. Bxc8 Qxc8 23. c7 Kh7 24. Qg4 Be7 25. Qxc8 Rxc8 26. Nxe7 Rxc7 27. Nd5 Rxc2
28. Nf3 Rxb2 29. Rfb1 Rc2 30. a4 Rc4 31. axb5 axb5 32. Rxb5 Rxe4 33. Rb6 Rc4 34.
Rb7 Rc6 35. Rxf7 Rc8 36. Raa7 Kg6 37. Ne7+ Kxf7 38. Nf5+ Kf6 39. Nxd6 Rc1+ 40.
Kh2 Rf1 41. Ne4+ Kf5 42. Rxg7 Rd1 43. Ng3+ Kf6 44. Rh7 Kg6 45. Re7 Kf6 46. Rxe5
Rc1 47. Rb5 Rc2 48. Ne4+ Kg6 49. Ne5+ Kf5 50. f3 Re2 51. Ng3+ Kf6 52. Ng4+ Kg6
53. Nxe2 h5 54. Ne5+ Kg5 55. g3 h4 56. f4+ Kf6 57. g4 Ke6 58. Nf3 Kd6 59. Nxh4
Kc6 60. Re5 Kd6 61. g5 Kd7 62. g6 Kd6 63. g7 Kd7 64. g8=Q Kd6 65. Qg6+ Kc7 66.
Re7+ Kd8 67. Qe8# 1-0

[Event "AUTO-INT-1202"]
[Site "http://www.queenalice.com/game.php?id=637832"]
[Date "2009.8.17"]
[Round "2"]
[White "vortex"]
[Black "jmsteinfeld"]
[Result "0-1"]
[WhiteElo "1840"]
[BlackElo "1722"]

1. d4 d5 2. c4 Bf5 3. Nf3 e6 4. Bf4 Bd6 5. Be5 f6 6. Bxd6 Qxd6 7. Qb3 b6 8. e3
Nh6 9. Nbd2 O-O 10. h3 c5 11. Be2 cxd4 12. Nxd4 Bg6 13. Nb5 Qc5 14. Qa3 Qxa3 15.
Nxa3 Nd7 16. cxd5 exd5 17. Nb5 Ne5 18. Nc7 Rac8 19. Nxd5 Kh8 20. Ne7 Rc2 21.
Nxg6+ hxg6 22. b3 Rd8 23. Rd1 Nd3+ 24. Bxd3 Rxd3 25. Nf3 Rxd1+ 26. Kxd1 Rxa2 27.
Re1 Rxf2 28. Nh4 Kh7 29. Re2 Rf1+ 30. Kd2 Ra1 31. Kc3 Ra5 32. Rd2 g5 33. Nf3
Rc5+ 34. Kb2 Nf5 35. e4 Ne3 36. Nd4 Kh6 37. g4 g6 38. Ne6 Rb5 39. Rd4 f5 40.
gxf5 gxf5 41. exf5 Nxf5 42. Rc4 Kh5 43. Kc3 Re5 44. Nd4 Nxd4 45. Rxd4 Re3+ 46.
Rd3 Rxd3+ 0-1

[Event "AUTO-INT-1202"]
[Site "http://www.queenalice.com/game.php?id=637833"]
[Date "2009.8.17"]
[Round "2"]
[White "jmsteinfeld"]
[Black "vortex"]
[Result "0-1"]
[WhiteElo "1743"]
[BlackElo "1819"]

1. e4 c5 2. Bc4 Nc6 3. d3 e6 4. Be3 d5 5. exd5 exd5 6. Bb3 Nf6 7. Bg5 Be7 8.
Bxf6 Bxf6 9. c3 O-O 10. Ne2 Re8 11. O-O Be6 12. a3 Na5 13. Nd2 Nxb3 14. Nxb3 c4
15. Nbd4 Qb6 16. Nxe6 Rxe6 17. dxc4 dxc4 18. Qd2 Qb3 19. Nd4 Bxd4 20. cxd4 Rae8
21. d5 Re2 22. Qd4 b6 23. d6 Qc2 24. d7 Rd8 25. Rac1 Qxb2 26. Qxb2 Rxb2 27. Rxc4
Rd2 28. Rc8 Rxd7 29. Rxd8+ Rxd8 30. Ra1 Rd2 31. a4 Rd5 32. g3 Ra5 33. Rd1 Kf8
34. Rd4 a6 35. h4 b5 36. axb5 axb5 37. Rb4 Ke7 38. Kf1 Kd6 39. Ke2 Kc5 40. Rb2
b4 41. Kd2 Rb5 42. Kd3 Kd5 43. Rb3 h5 44. f4 f5 45. Rb1 b3 46. Kc3 b2 47. Kd3
Rb6 48. Ke3 Rb3+ 49. Kf2 Ke4 0-1

[Event "AUTO-ADV-1237"]
[Site "http://www.queenalice.com/game.php?id=704104"]
[Date "2009.12.27"]
[Round "2"]
[White "vortex"]
[Black "valdiluis"]
[Result "1/2-1/2"]
[WhiteElo "1832"]
[BlackElo "1953"]

1. e4 c5 2. d4 d6 3. dxc5 Qa5+ 4. Nc3 Qxc5 5. Be3 Qb4 6. Qc1 g6 7. a3 Qa5 8. Nf3
Bg7 9. Bd4 e5 10. Be3 Nf6 11. Qd2 O-O 12. h3 Nc6 13. Nb5 Qxd2+ 14. Nxd2 Bd7 15.
Nxd6 Nd4 16. O-O-O b6 17. g3 Rab8 18. N2c4 Ne8 19. Bg2 Nxd6 20. Nxd6 Nb5 21.
Nxb5 Bxb5 22. Bf1 Bxf1 23. Rhxf1 Rbd8 24. Rxd8 Rxd8 25. Rd1 Rxd1+ 26. Kxd1 f5
27. exf5 gxf5 28. c3 Kf7 29. Bg5 h6 30. Bd8 f4 31. Bc7 Ke6 32. Ke2 fxg3 33. fxg3
h5 34. Bb8 a6 35. c4 e4 36. Ke3 Bxb2 37. Kxe4 Bxa3 38. Ba7 b5 39. cxb5 axb5 40.
Kd4 Kd6 41. g4 hxg4 42. hxg4 Bb2+ 43. Ke4 Ke6 1/2-1/2

[Event "AUTO-ADV-1237"]
[Site "http://www.queenalice.com/game.php?id=704105"]
[Date "2009.12.27"]
[Round "2"]
[White "valdiluis"]
[Black "vortex"]
[Result "1/2-1/2"]
[WhiteElo "1902"]
[BlackElo "1837"]

1. c4 e5 2. Nc3 Nf6 3. e3 d5 4. b3 Be6 5. Nf3 Nc6 6. Be2 Be7 7. O-O O-O 8. cxd5
Nxd5 9. Bb2 f6 10. Nxd5 Bxd5 11. Bc4 Nb4 12. a3 Bxc4 13. bxc4 Nd3 14. Qb3 Nc5
15. Qa2 Ne4 16. d4 exd4 17. Bxd4 b6 18. c5+ Kh8 19. Ne1 Bxc5 20. Bxc5 Nxc5 21.
Nf3 Qe7 22. Nd4 Qf7 23. Qxf7 Rxf7 24. Nc6 Rd7 25. Rfd1 Rxd1+ 26. Rxd1 Ne6 27. g3
h6 28. Rd7 Rc8 29. Nxa7 Rd8 30. Rxd8+ Nxd8 31. Nb5 c5 32. Kf1 Kg8 33. Ke2 Kf7
34. Kd3 Ke6 35. Nc7+ Kf7 36. Kc4 Nb7 37. Kb5 Nd6+ 38. Kxb6 Nc4+ 39. Kxc5 Nxa3
40. f4 Nc2 41. e4 Ne3 42. h4 Nf1 43. g4 Ne3 44. g5 Ng2 45. gxh6 gxh6 46. f5 Nxh4
47. Nd5 Ng2 48. Nc3 h5 49. Kd5 h4 50. Ne2 h3 51. Ng3 h2 52. e5 fxe5 53. Kxe5 Nh4
54. Kf4 1/2-1/2

[Event "AUTO-ADV-1237"]
[Site "http://www.queenalice.com/game.php?id=833601"]
[Date "2010.9.16"]
[Round "3"]
[White "nenem"]
[Black "vortex"]
[Result "1-0"]
[WhiteElo "1953"]
[BlackElo "1827"]

1. c4 e5 2. Nc3 Nf6 3. g3 Bc5 4. Bg2 c6 5. Nf3 d6 6. O-O Be6 7. b3 O-O 8. Qc2
Nbd7 9. Bb2 a6 10. Rad1 b5 11. Ne4 Bf5 12. Nxf6+ Qxf6 13. d3 bxc4 14. bxc4 Qe6
15. Ng5 Qe7 16. h4 h6 17. Ne4 Bb6 18. Kh1 d5 19. cxd5 cxd5 20. Nc3 e4 21. Nxd5
Qe8 22. Nxb6 Nxb6 23. dxe4 Bd7 24. Qc3 f6 25. Qb3+ Qe6 26. Qxe6+ Bxe6 27. Rd6
Nc4 28. Rxe6 Nxb2 29. e5 fxe5 30. Bxa8 Rxa8 31. Rb1 Nc4 32. Rb7 Rd8 33. Ree7 Rd2
34. Rxg7+ Kf8 35. Rbf7+ Ke8 36. Ra7 Rxa2 37. Ra8# 1-0

[Event "AUTO-ADV-1237"]
[Site "http://www.queenalice.com/game.php?id=833602"]
[Date "2010.9.16"]
[Round "3"]
[White "vortex"]
[Black "nenem"]
[Result "0-1"]
[WhiteElo "1840"]
[BlackElo "1909"]

1. e4 c5 2. Nf3 Nc6 3. d4 d6 4. Be2 g6 5. dxc5 Bg7 6. cxd6 exd6 7. c3 Nge7 8.
O-O O-O 9. Bf4 Ne5 10. Nbd2 Bg4 11. Nxe5 Bxe2 12. Qxe2 dxe5 13. Bg5 h6 14. Bh4
g5 15. Bg3 f5 16. h3 f4 17. Bh2 Ng6 18. Rfd1 Qb6 19. b3 Nh4 20. g3 fxg3 21. Bxg3
Ng6 22. Nc4 Qe6 23. Rd6 Qf7 24. Rad1 Nf4 25. Bxf4 exf4 26. Rd7 f3 27. Qe3 Qe6
28. Rxb7 Qxh3 29. Rdd7 Qg2# 0-1

[Event "AUTO-ADV-1237"]
[Site "http://www.queenalice.com/game.php?id=833603"]
[Date "2010.9.16"]
[Round "3"]
[White "valdiluis"]
[Black "vortex"]
[Result "1-0"]
[WhiteElo "1998"]
[BlackElo "1816"]

1. c4 e5 2. Nc3 Nf6 3. g3 Bc5 4. Bg2 c6 5. e3 d5 6. Nf3 e4 7. Nd4 Bg4 8. f3 exf3
9. Bxf3 Bh3 10. Kf2 Qd7 11. Bg2 Bxd4 12. exd4 dxc4 13. Qe2+ Be6 14. Re1 O-O 15.
Ne4 Nxe4+ 16. Bxe4 Bg4 17. Qxc4 Na6 18. d5 cxd5 19. Qxd5 Qxd5 20. Bxd5 Rab8 21.
Re7 Rfe8 22. Bxf7+ Kf8 23. Rxe8+ Rxe8 24. Bxe8 Kxe8 25. d4 Nc7 26. Bf4 Ne6 27.
Re1 Kd7 28. Be5 g6 29. Re4 Bf5 30. Rh4 h5 31. h3 Be4 32. Rxe4 Ng5 33. Rh4 Ke6
34. Bb8 a6 35. Be5 Kd5 36. Ke3 Nf7 37. g4 Nd6 38. Bxd6 Kxd6 39. gxh5 gxh5 40.
Rxh5 Kc6 41. Re5 1-0

[Event "AUTO-ADV-1237"]
[Site "http://www.queenalice.com/game.php?id=833604"]
[Date "2010.9.16"]
[Round "3"]
[White "vortex"]
[Black "valdiluis"]
[Result "1-0"]
[WhiteElo "1807"]
[BlackElo "1996"]

1. e4 e5 2. Nf3 Nf6 3. Nc3 d6 4. h3 Nc6 5. d4 Be7 6. dxe5 Nxe5 7. Nxe5 dxe5 8.
Qxd8+ Bxd8 9. Bd2 O-O 10. Bd3 Be6 11. O-O-O a5 12. f4 exf4 13. Bxf4 c6 14. Bd6
Re8 15. e5 Nd5 16. Ne2 Bg5+ 17. Kb1 Ne3 18. Rdg1 Red8 19. Nd4 Bd5 20. Nf3 b5 21.
Nxg5 g6 22. Bc5 Nxg2 23. Be4 Bxe4 24. Nxe4 Nf4 25. Bd6 a4 26. Rg4 Nh5 27. Rf1
Kg7 28. Kc1 a3 29. b3 Re8 30. Ng3 Nxg3 31. Rxg3 b4 32. Rgf3 Ra7 33. Kd2 Rd7 34.
Kc1 Kg8 35. Bxb4 Red8 36. Bxa3 Kg7 37. Bb2 Kg8 38. Rf6 h5 39. Ba3 Kg7 40. Rxc6
Rd2 41. Rc7 Rh2 42. Rfxf7+ Kh6 43. Rh7+ Kg5 44. Be7+ 1-0